Starostlivosť o kvalifikáciu zamestnancov

Problematika kvalifikácie zamestnanca v súvislosti s výkonom jeho práce. Právo a povinnosť zamestnanca zúčastňovať sa rôznych foriem štúdia alebo školení. Povinnosť zamestnávateľa zaškoliť alebo zaučiť zamestnanca, ktorý prechádza na nové pracovisko alebo na nový druh práce. Poskytovanie pracovných...

Celý popis

Uložené v:
Podrobná bibliografia
Hlavný autor: Jendrálová, Anna
Médium: Kapitola
Jazyk:Slovak
Predmet:
Tagy: Pridať tag
Žiadne tagy, Buďte prvý, kto otaguje tento záznam!

MARC

LEADER 00000naa a2200000 4500
001 r033593
005 20230922130947.2
041 0 |a slo 
044 |a SK 
245 1 0 |a Starostlivosť o kvalifikáciu zamestnancov  |c Anna Jendrálová 
520 |a Problematika kvalifikácie zamestnanca v súvislosti s výkonom jeho práce. Právo a povinnosť zamestnanca zúčastňovať sa rôznych foriem štúdia alebo školení. Povinnosť zamestnávateľa zaškoliť alebo zaučiť zamestnanca, ktorý prechádza na nové pracovisko alebo na nový druh práce. Poskytovanie pracovných úľav a hmotné zabezpečenie. Dohoda o zvýšení kvalifikácie. 
610 2 0 |a zamestnanci 
610 2 0 |a zamestnávatelia 
610 2 0 |a kvalifikácia 
610 2 0 |a školenie odborné 
610 2 0 |a kurzy 
610 2 0 |a vzdelávanie ďalšie 
100 1 |a Jendrálová, Anna